000 00316nam a2200133Ia 4500
008 191201s2010 xx 000 0 und d
100 _aMAHAJAN, M
245 0 _aStatistical Quality Control
250 _aRep
260 _c2010
_bDhanpat Rai Pub (P) Ltd
_aN. Delhi
300 _a554
650 _aME
942 _2ddc
_cBB
999 _c7389
_d7389